01114nam a2200205Ia 4500952011100000952009600111952009600207999001700303008004100320020001800361050001500379100003800394245006200432260003500494300005200529505020900581519008200790650002400872942001200896 00102lcc4070a01b01d2023-03-10l4m2oRA440 R67p16 004317r2024-10-24s2024-09-25t1w2023-03-10yLB 00102lcc4070a01b01d2023-03-10l0oRA440 R67p16 004318r2023-07-13t2w2023-03-10yLB 00102lcc4070a01b01d2023-03-10l0oRA440 R67p16 004319r2023-07-13t3w2023-03-10yLB c53936d53936120603s2009 mx 000 0 spa d a9786074423327 aRA440bR67 aRosas Munive, Margarita D.eautor aEducación para la salud c/ Rosas Munive, Margarita D.  aMéxico bPrentice Hallc2009 a221 páginasb: ilustraciones a colorc 25 cm. aI. Bases de anatomía y fisiología en la educación para la salud II. La salud del individuo y de la comunidad III. La salud en los diferentes grupos de edad IV. La salud y el desarrollo social  aPlan UNAM / bPreparatoria / cEducación para la Salud (1503) / d16 004317 aEDUCACION SANITARIA cLB2lcc